[Event "ITA-ch Seniors 65 44th"]
[Site "Macerata"]
[Date "2022.09.27"]
[Round "3"]
[White "Serpilli, Paolo"]
[Black "Sansonetti, Giorgio"]
[Result "1-0"]
[WhiteElo "1777"]
[BlackElo "1984"]
[PlyCount "179"]
[EventDate "2022.09.25"]
[EventType "swiss"]
[EventRounds "9"]
[EventCountry "ITA"]
[SourceTitle "EXT 2024"]
[Source "ChessBase"]
[SourceDate "2023.10.10"]
[SourceVersion "1"]
[SourceVersionDate "2023.10.10"]
[SourceQuality "1"]

1. c4 Nf6 2. Nc3 d6 3. g3 g6 4. Bg2 Bg7 5. e3 0-0 6. Nge2 c6 7. 0-0 Nbd7 8. Rb1 a5 9. a3 Nb6 10. d3 Bf5 11. b4 axb4 12. axb4 Ra7 13. e4 Bg4 14. h3 Bc8 15. Be3 Ra8 16. Qb3 e5 17. Ra1 Rxa1 18. Rxa1 Re8 19. b5 c5 20. Bg5 h6 21. Bxf6 Bxf6 22. Na4 Be6 23. Nxb6 Qxb6 24. Qa4 Kg7 25. Qa7 Qxa7 26. Rxa7 Rb8 27. Nc3 Bd8 28. Na4 g5 29. Kf1 Kg6 30. Ke2 h5 31. Ke3 Bd7 32. Nc3 Be6 33. f4 gxf4+ 34. gxf4 exf4+ 35. Kxf4 Bg5+ 36. Kg3 Bf6 37. Ne2 Be5+ 38. Kf3 Kg5 39. Ng3 f6 40. Kf2 Bd4+ 41. Kf3 h4 42. Ne2 Be5 43. Ke3 Bc8 44. Kf3 Be6 45. Ke3 Bh2 46. Kf2 Bc8 47. Ke3 f5 48. exf5 Kxf5 49. Nc3 Ke5 50. Ne2 Kf5 51. Nc3 Bf4+ 52. Ke2 Bg5 53. Nd5 Bd8 54. Ra1 Be6 55. Rf1+ Ke5 56. Nf4 Bf5 57. Kf3 Kd4 58. Rd1 Bg5 59. Ne2+ Ke5 60. Nc3 Rf8 61. Ke2 Kd4 62. Ne4 Bf4 63. Rf1 Bg6 64. Bf3 Ra8 65. Bg4 Bxe4 66. dxe4 Be5 67. Be6 Kxe4 68. Bd5+ Kd4 69. Rd1+ Kc3 70. Rc1+ Kb2 71. Rf1 Ra2 72. Rf7 b6 73. Rb7 Ra3 74. Be6 Kc3 75. Rxb6 Kd4 76. Ra6 Re3+ 77. Kd1 Bf4 78. Bd5 Rxh3 79. b6 Rd3+ 80. Ke2 Re3+ 81. Kf1 h3 82. b7 Rb3 83. Ra8 Rb1+ 84. Ke2 h2 85. b8Q Rxb8 86. Rxb8 h1Q 87. Bxh1 Kxc4 88. Rd8 Kd4 89. Kd1 Kd3 90. Bc6 1-0

[Event "Salento op 3rd"]
[Site "Gallipoli"]
[Date "2014.05.24"]
[Round "9"]
[White "Sansonetti, Giorgio"]
[Black "Callier, Christophe"]
[Result "0-1"]
[WhiteElo "2019"]
[BlackElo "2077"]
[PlyCount "52"]
[EventDate "2014.05.17"]
[EventType "swiss"]
[EventRounds "9"]
[EventCountry "ITA"]
[SourceTitle "CBM 160 Extra"]
[Source "ChessBase"]
[SourceDate "2014.07.01"]
[SourceVersion "1"]
[SourceVersionDate "2014.07.01"]
[SourceQuality "1"]

1. e4 e5 2. Bc4 Nf6 3. d3 Nc6 4. Nf3 Bc5 5. 0-0 d6 6. c3 a6 7. b4 Ba7 8. Bb3 0-0 9. Bg5 h6 10. Bxf6 Qxf6 11. Nbd2 Ne7 12. d4 exd4 13. cxd4 Bxd4 14. Nxd4 Qxd4 15. Nf3 Qf6 16. Re1 Ng6 17. Kf1 Be6 18. Qc2 Rad8 19. Rac1 Ne5 20. Nd4 c5 21. Nxe6 fxe6 22. f3 Nxf3 23. bxc5 dxc5 24. Qe2 Qf4 25. Rcd1 Rxd1 26. Qxd1 Ng5+ 0-1

[Event "Salento op 3rd"]
[Site "Gallipoli"]
[Date "2014.05.23"]
[Round "8"]
[White "Walton, Alan J"]
[Black "Sansonetti, Giorgio"]
[Result "1/2-1/2"]
[WhiteElo "2118"]
[BlackElo "2019"]
[PlyCount "113"]
[EventDate "2014.05.17"]
[EventType "swiss"]
[EventRounds "9"]
[EventCountry "ITA"]
[SourceTitle "CBM 160 Extra"]
[Source "ChessBase"]
[SourceDate "2014.07.01"]
[SourceVersion "1"]
[SourceVersionDate "2014.07.01"]
[SourceQuality "1"]

1. d4 d5 2. c4 c6 3. Nc3 Nf6 4. Nf3 g6 5. e3 Nbd7 6. cxd5 Nxd5 7. Bd3 Bg7 8. 0-0 0-0 9. e4 Nxc3 10. bxc3 e5 11. Rb1 Re8 12. Be3 b6 13. Qb3 Nc5 14. dxc5 Qxd3 15. cxb6 axb6 16. Ng5 Re7 17. Rfd1 Qa6 18. Rd8+ Bf8 19. Rbd1 Bg4 20. Rxa8 Qxa8 21. f3 Bd7 22. Qxb6 Qxa2 23. Bc5 Qe2 24. Qb1 Re8 25. Bxf8 Rxf8 26. Qd3 Qxd3 27. Rxd3 Bc8 28. Rd6 h6 29. Nh3 Bxh3 30. gxh3 Rc8 31. Kf2 Kf8 32. c4 c5 33. Rd5 f6 34. Rd7 Rc6 35. Kg3 Ke8 36. Rh7 h5 37. f4 Rd6 38. fxe5 fxe5 39. Rc7 Rd4 40. Rxc5 Rxe4 41. Kf3 Rf4+ 42. Ke3 Kd7 43. Rxe5 Rxc4 44. Kf3 Rc3+ 45. Kg2 Rc6 46. Kg3 Kd6 47. Re3 Rc4 48. Re8 Kd5 49. Rg8 Rc1 50. Kg2 Rc6 51. Re8 Re6 52. Rxe6 Kxe6 53. Kg3 Ke5 54. Kh4 Kf5 55. Kg3 Kg5 56. h4+ Kf5 57. Kf3 1/2-1/2

[Event "Salento op 3rd"]
[Site "Gallipoli"]
[Date "2014.05.22"]
[Round "7"]
[White "Sansonetti, Giorgio"]
[Black "Ledger, Stephen C"]
[Result "0-1"]
[WhiteElo "2019"]
[BlackElo "2077"]
[PlyCount "111"]
[EventDate "2014.05.17"]
[EventType "swiss"]
[EventRounds "9"]
[EventCountry "ITA"]
[SourceTitle "CBM 160 Extra"]
[Source "ChessBase"]
[SourceDate "2014.07.01"]
[SourceVersion "1"]
[SourceVersionDate "2014.07.01"]
[SourceQuality "1"]

1. d4 Nf6 2. Nc3 d5 3. Bg5 Nbd7 4. e3 e6 5. f4 c5 6. Nf3 Qa5 7. Nd2 cxd4 8. Nb3 Qb6 9. exd4 Bb4 10. Bd3 h6 11. Bh4 Ne4 12. Bxe4 dxe4 13. Qg4 0-0 14. 0-0 f5 15. Qh3 Nf6 16. Nd1 Bd7 17. Ne3 Rac8 18. Rf2 Nd5 19. Nxd5 exd5 20. c3 Bd6 21. Re1 a5 22. Nd2 Qc7 23. g3 b5 24. Nf1 b4 25. cxb4 Bxb4 26. Rd1 Ba4 27. b3 Bd7 28. Ne3 Be6 29. g4 fxg4 30. Nxg4 Qd7 31. Rg2 Kh7 32. Qg3 Rc3 33. Ne3 Qf7 34. f5 Bxf5 35. Rf1 g6 36. Qf4 Bd6 37. Qxd6 Rxe3 38. Bg3 Rf3 39. Rc1 Bh3 40. Qc7 Bxg2 41. Kxg2 Qxc7 42. Rxc7+ R8f7 43. Rc5 R3f5 44. Rxa5 g5 45. Rc5 h5 46. Rc2 h4 47. Be1 Rf3 48. h3 Rd3 49. b4 Rxd4 50. b5 e3 51. b6 Ra4 52. Rc7 Rxa2+ 53. Kg1 Rxc7 54. bxc7 Rc2 55. Ba5 Kg6 56. Kf1 0-1

[Event "Campobasso op-A 15th"]
[Site "Campobasso"]
[Date "2008.07.20"]
[Round "6"]
[White "Sansonetti, Giorgio"]
[Black "Scalcione, Michelangelo"]
[Result "0-1"]
[WhiteElo "2102"]
[BlackElo "2398"]
[PlyCount "56"]
[EventDate "2008.07.18"]
[EventType "swiss"]
[EventRounds "6"]
[EventCountry "ITA"]
[SourceTitle "EXT 2011"]
[Source "ChessBase"]
[SourceDate "2010.11.26"]
[SourceVersion "1"]
[SourceVersionDate "2010.11.26"]
[SourceQuality "1"]

1. d4 d6 2. Nc3 Nf6 3. e4 c6 4. f4 Qa5 5. Bd3 e5 6. Nf3 Bg4 7. dxe5 dxe5 8. h3 Bxf3 9. Qxf3 exf4 10. Qxf4 Nbd7 11. Bd2 Qe5 12. Qf3 Bd6 13. 0-0-0 Qe7 14. Qf5 Be5 15. g4 Nc5 16. Bc4 0-0 17. g5 Ne8 18. g6 hxg6 19. Qxg6 Nd6 20. Bg5 Qc7 21. Rxd6 Qxd6 22. Qf5 Ne6 23. Rd1 Nd4 24. Qg4 b5 25. Bf1 Qe6 26. Qg2 b4 27. Rxd4 Bxd4 28. Ne2 Bf6 0-1

[Event "Sant' Anna op 10th"]
[Site "Pisignano di Vernole"]
[Date "2007.08.09"]
[Round "4"]
[White "Sansonetti, Giorgio"]
[Black "Dappiano, Andrea"]
[Result "1-0"]
[WhiteElo "2109"]
[BlackElo "1914"]
[PlyCount "79"]
[EventDate "2007.08.07"]
[EventType "swiss"]
[EventRounds "7"]
[EventCountry "ITA"]
[SourceTitle "EXT 2009"]
[Source "ChessBase"]
[SourceDate "2008.11.26"]
[SourceVersion "1"]
[SourceVersionDate "2008.11.26"]
[SourceQuality "1"]

1. Nc3 d5 2. d4 Nf6 3. Bg5 Bf5 4. e3 e6 5. Bd3 Bxd3 6. Qxd3 c6 7. Nf3 Nbd7 8. 0-0 Be7 9. Rfe1 0-0 10. Rad1 Rc8 11. Bxf6 Nxf6 12. e4 dxe4 13. Nxe4 Qb6 14. b3 Rfd8 15. c4 h6 16. h3 Nxe4 17. Qxe4 Bb4 18. Re3 Qa5 19. Ne5 Qxa2 20. Nxf7 Rf8 21. Nxh6+ Kh8 22. Ng4 Rce8 23. Qe5 Rf5 24. Qg3 Qc2 25. Rf1 b5 26. c5 a5 27. Qc7 a4 28. Qxc6 Rb8 29. bxa4 bxa4 30. Rxe6 a3 31. Ne3 Qd3 32. Nxf5 Qxf5 33. Re8+ Rxe8 34. Qxe8+ Kh7 35. Qa4 Bc3 36. Qxa3 Bxd4 37. c6 Be5 38. Qf3 Qg6 39. Rd1 Qe6 40. Qh5+ 1-0

[Event "Sant' Anna op 10th"]
[Site "Pisignano di Vernole"]
[Date "2007.08.08"]
[Round "3"]
[White "Sansonetti, Giorgio"]
[Black "Altini, Nicola"]
[Result "0-1"]
[WhiteElo "2109"]
[BlackElo "1939"]
[PlyCount "56"]
[EventDate "2007.08.07"]
[EventType "swiss"]
[EventRounds "7"]
[EventCountry "ITA"]
[SourceTitle "EXT 2009"]
[Source "ChessBase"]
[SourceDate "2008.11.26"]
[SourceVersion "1"]
[SourceVersionDate "2008.11.26"]
[SourceQuality "1"]

1. f4 d5 2. Nf3 c5 3. e3 Nc6 4. d4 Bg4 5. c3 e6 6. Nbd2 Nf6 7. Bd3 Be7 8. 0-0 0-0 9. Qe1 c4 10. Bc2 b5 11. Ne5 Nxe5 12. fxe5 Ne8 13. e4 Nc7 14. Qg3 Bh5 15. exd5 Nxd5 16. Qh3 Bg6 17. Bxg6 hxg6 18. Ne4 b4 19. Bd2 a5 20. Rf3 a4 21. cxb4 Nxb4 22. Bc3 a3 23. Nf6+ gxf6 24. exf6 Bxf6 25. Rxf6 Qxf6 26. d5 e5 27. Bxb4 axb2 28. Rb1 Qb6+ 0-1

[Event "Sant' Anna op 10th"]
[Site "Pisignano di Vernole"]
[Date "2007.08.07"]
[Round "1"]
[White "Sansonetti, Giorgio"]
[Black "Fontanarosa, Luca"]
[Result "1-0"]
[WhiteElo "2109"]
[BlackElo "1817"]
[PlyCount "101"]
[EventDate "2007.08.07"]
[EventType "swiss"]
[EventRounds "7"]
[EventCountry "ITA"]
[SourceTitle "EXT 2009"]
[Source "ChessBase"]
[SourceDate "2008.11.26"]
[SourceVersion "1"]
[SourceVersionDate "2008.11.26"]
[SourceQuality "1"]

1. d4 d5 2. Nf3 Nf6 3. Bg5 Bf5 4. e3 e6 5. c4 c6 6. Nc3 Nbd7 7. cxd5 exd5 8. Be2 Bd6 9. h3 h6 10. Bxf6 Nxf6 11. Qb3 Qb6 12. Nd2 Ne4 13. Ndxe4 Bxe4 14. Nxe4 dxe4 15. Qc2 Qb4+ 16. Kf1 0-0 17. Qxe4 Rae8 18. Qc2 Re6 19. g4 Rfe8 20. h4 Qa5 21. Qf5 Qxf5 22. gxf5 R6e7 23. Rg1 Re4 24. h5 Be7 25. Rh1 Bf6 26. Bf3 R4e7 27. Rc1 Rc8 28. b4 Rec7 29. a3 b6 30. Kg2 c5 31. bxc5 bxc5 32. Rxc5 Rxc5 33. dxc5 Rxc5 34. Rb1 Ra5 35. Rb8+ Kh7 36. Bd1 Rxa3 37. Bb3 Be5 38. Rb7 Rxb3 39. Rxb3 a5 40. Ra3 Bc7 41. Kf3 Kg8 42. Ke4 Kf8 43. Kd5 Ke7 44. Kc6 Bh2 45. e4 Kf6 46. Rxa5 Kg5 47. Ra7 Kxh5 48. Rxf7 Be5 49. Kd5 Bb2 50. e5 g5 51. e6 1-0

[Event "Taranto op 1st"]
[Site "Taranto"]
[Date "2002.09.01"]
[Round "7"]
[White "Lorusso, Lucio"]
[Black "Sansonetti, Giorgio"]
[Result "0-1"]
[WhiteElo "1902"]
[BlackElo "2133"]
[PlyCount "60"]
[EventDate "2002.08.29"]
[EventType "swiss"]
[EventRounds "7"]
[EventCountry "ITA"]
[SourceTitle "EXT 2007"]
[Source "ChessBase"]
[SourceDate "2006.11.23"]
[SourceVersion "1"]
[SourceVersionDate "2006.11.23"]
[SourceQuality "1"]

1. e4 e6 2. d4 d5 3. Nc3 Bb4 4. e5 c5 5. a3 Bxc3+ 6. bxc3 Ne7 7. Qg4 0-0 8. f4 f5 9. exf6 Rxf6 10. Qe2 b6 11. Nf3 a5 12. g3 Ba6 13. Qf2 Bxf1 14. Kxf1 cxd4 15. cxd4 b5 16. Qe2 Qb6 17. Kg2 Nd7 18. Re1 Rc8 19. Rb1 Rc4 20. Ng5 Nf8 21. Ne4 Rf7 22. Ng5 Rf6 23. Ne4 Rg6 24. Nd2 Rxc2 25. Rxb5 Qxd4 26. Rxa5 Qc3 27. Ra7 Nf5 28. Qd1 Nxg3 29. Ra8 Ne4+ 30. Kh1 Nf2# 0-1

[Event "Taranto op 1st"]
[Site "Taranto"]
[Date "2002.08.31"]
[Round "4"]
[White "Sansonetti, Giorgio"]
[Black "Shytaj, Luca"]
[Result "0-1"]
[WhiteElo "2133"]
[BlackElo "2216"]
[PlyCount "116"]
[EventDate "2002.08.29"]
[EventType "swiss"]
[EventRounds "7"]
[EventCountry "ITA"]
[SourceTitle "EXT 2007"]
[Source "ChessBase"]
[SourceDate "2006.11.23"]
[SourceVersion "1"]
[SourceVersionDate "2006.11.23"]
[SourceQuality "1"]

1. d4 Nf6 2. Nf3 e6 3. Bg5 c5 4. c3 cxd4 5. cxd4 Qa5+ 6. Nc3 Ne4 7. Bd2 Nxd2 8. Qxd2 d5 9. e3 Nc6 10. Be2 Bd7 11. 0-0 Be7 12. a3 0-0 13. Ne1 Qd8 14. f4 Na5 15. Bd1 Nc4 16. Qf2 b5 17. Nd3 Qc7 18. Bf3 a5 19. Rfc1 Qb6 20. Ne5 Nxe5 21. fxe5 b4 22. axb4 axb4 23. Ne2 b3 24. Rab1 Rac8 25. Rf1 Bb5 26. Bh5 g6 27. Qg3 Kh8 28. Bf3 Qd8 29. Rfd1 Rc2 30. Qe1 Bh4 31. g3 Be7 32. Nc1 Bc4 33. Be2 Qa8 34. Bd3 f6 35. Nxb3 Bxb3 36. Ra1 Qb8 37. Bxc2 Bxc2 38. Rdc1 Be4 39. Qc3 Bb4 40. Qc7 Bd2 41. Qxb8 Bxe3+ 42. Kf1 Rxb8 43. Rc7 Bxd4 44. exf6 Bxb2 45. Raa7 Bxf6 46. Rxh7+ Kg8 47. h4 d4 48. Rhd7 Bf5 49. Ke1 Rc8 50. Kd1 d3 51. Kd2 Bc3+ 52. Ke3 d2 53. Rxd2 Bxd2+ 54. Kxd2 Rc4 55. Ke3 Kf8 56. Kf3 e5 57. Rh7 Rc3+ 58. Kf2 Bg4 0-1

[Event "Taranto op 1st"]
[Site "Taranto"]
[Date "2002.08.30"]
[Round "3"]
[White "Fiore, Mario Angelo"]
[Black "Sansonetti, Giorgio"]
[Result "1/2-1/2"]
[WhiteElo "2313"]
[BlackElo "2133"]
[PlyCount "57"]
[EventDate "2002.08.29"]
[EventType "swiss"]
[EventRounds "7"]
[EventCountry "ITA"]
[SourceTitle "EXT 2007"]
[Source "ChessBase"]
[SourceDate "2006.11.23"]
[SourceVersion "1"]
[SourceVersionDate "2006.11.23"]
[SourceQuality "1"]

1. e4 e6 2. d4 d5 3. Nc3 Bb4 4. a3 Bxc3+ 5. bxc3 Ne7 6. e5 c5 7. Nf3 Qc7 8. Bd3 c4 9. Be2 Bd7 10. a4 Qa5 11. 0-0 b5 12. Ba3 bxa4 13. Qd2 h6 14. h4 Nbc6 15. h5 Rb8 16. Nh4 Nc8 17. f4 Qd8 18. Qe1 N6e7 19. g4 g6 20. hxg6 Nxg6 21. Nxg6 fxg6 22. Qg3 Rb7 23. Rfb1 Nb6 24. Kf2 Bc8 25. Ke3 Rg7 26. Rh1 Kd7 27. Rag1 Kc6 28. Qh4 Qxh4 29. Rxh4 1/2-1/2

[Event "Salento op 6th"]
[Site "Gallipoli"]
[Date "2001.06.30"]
[Round "4"]
[White "Sansonetti, Giorgio"]
[Black "Palma, Antonio"]
[Result "1/2-1/2"]
[WhiteElo "1948"]
[BlackElo "1729"]
[PlyCount "97"]
[EventDate "2001.06.29"]
[EventType "swiss"]
[EventRounds "6"]
[EventCountry "ITA"]
[SourceTitle "EXT 2002"]
[Source "ChessBase"]
[SourceDate "2001.11.25"]
[SourceVersion "1"]
[SourceVersionDate "2001.11.25"]
[SourceQuality "1"]

1. d4 e6 2. e4 d5 3. Nc3 Bb4 4. e5 c5 5. Bd2 Ne7 6. Nb5 Bxd2+ 7. Qxd2 0-0 8. f4 b6 9. Nf3 Ba6 10. a4 Nbc6 11. Bd3 f6 12. c3 fxe5 13. dxe5 Nf5 14. 0-0 Na5 15. Rae1 Bxb5 16. axb5 Nb3 17. Qd1 c4 18. Bc2 Nc5 19. Qb1 h6 20. Nd4 Nxd4 21. cxd4 Ne4 22. Bxe4 dxe4 23. Qxe4 Qd7 24. Rd1 Rad8 25. Qg6 Rde8 26. Rf3 Kh8 27. g4 Qxb5 28. g5 Qd7 29. gxh6 gxh6 30. Rh3 Qg7 31. Rxh6+ Kg8 32. Kh1 Qxg6 33. Rxg6+ Kf7 34. Rdg1 Ke7 35. Rg7+ Rf7 36. f5 exf5 37. d5 Rxg7 38. Rxg7+ Kf8 39. Rxa7 Rxe5 40. d6 Rd5 41. d7 Ke7 42. Rb7 Rd1+ 43. Kg2 Rd2+ 44. Kg3 Rxb2 45. h4 Rb3+ 46. Kf4 Rh3 47. Kxf5 Rxh4 48. d8Q+ Kxd8 49. Rxb6 1/2-1/2

[Event "Salento op 5th"]
[Site "Gallipoli"]
[Date "2000.06.23"]
[Round "2"]
[White "Perissinotto, Claudio"]
[Black "Sansonetti, Giorgio"]
[Result "0-1"]
[WhiteElo "2130"]
[BlackElo "2189"]
[PlyCount "44"]
[EventDate "2000.06.??"]
[EventType "swiss"]
[EventRounds "6"]
[EventCountry "ITA"]
[SourceTitle "EXT 2005"]
[Source "ChessBase"]
[SourceDate "2004.11.15"]
[SourceVersion "1"]
[SourceVersionDate "2004.11.15"]
[SourceQuality "1"]

1. e4 e6 2. d4 d5 3. Nd2 dxe4 4. Nxe4 Bd7 5. Nf3 Bc6 6. Bd3 Nd7 7. Qe2 Ngf6 8. 0-0 Be7 9. c4 Bxe4 10. Bxe4 Nxe4 11. Qxe4 c6 12. Rd1 Nf6 13. Qe2 0-0 14. Ne5 a6 15. Rd3 Qc8 16. Rg3 Rd8 17. Bh6 g6 18. Rd1 b5 19. Qf3 Rd6 20. Bg5 Kg7 21. Bh6+ Kxh6 22. Nxf7+ Kg7 0-1

[Event "Nereto op"]
[Site "Nereto"]
[Date "1998.??.??"]
[Round "?"]
[White "Badea, Bela"]
[Black "Sansonetti, Giorgio"]
[Result "1-0"]
[WhiteElo "2545"]
[BlackElo "2195"]
[PlyCount "39"]
[EventDate "1998.??.??"]
[EventType "swiss"]
[EventRounds "9"]
[EventCountry "ITA"]
[SourceTitle "EXT 2000"]
[Source "ChessBase"]
[SourceDate "1999.11.16"]
[SourceVersion "1"]
[SourceVersionDate "1999.11.16"]
[SourceQuality "1"]

1. Nf3 e6 2. g3 d5 3. Bg2 c5 4. 0-0 Nc6 5. c4 g6 6. cxd5 exd5 7. d4 cxd4 8. Nxd4 Bg7 9. Nxc6 bxc6 10. e4 d4 11. e5 Qb6 12. Qa4 Bd7 13. Na3 c5 14. Nc4 Qc7 15. Qb3 Rb8 16. Nd6+ Qxd6 17. exd6 Rxb3 18. axb3 Bf8 19. Re1+ Kd8 20. Bf4 1-0

[Event "ITA-ch sf"]
[Site "Italy"]
[Date "1998.??.??"]
[Round "?"]
[White "Minerva, Enzo"]
[Black "Sansonetti, Giorgio"]
[Result "0-1"]
[WhiteElo "2155"]
[BlackElo "2195"]
[PlyCount "76"]
[EventDate "1998.??.??"]
[EventType "swiss"]
[EventRounds "9"]
[EventCountry "ITA"]
[SourceTitle "EXT 2000"]
[Source "ChessBase"]
[SourceDate "1999.11.16"]
[SourceVersion "1"]
[SourceVersionDate "1999.11.16"]
[SourceQuality "1"]

1. e4 e6 2. d3 d5 3. Nd2 c5 4. Ngf3 Nc6 5. g3 Bd6 6. Bg2 Nge7 7. 0-0 0-0 8. Re1 f6 9. c3 Bd7 10. h4 Be8 11. Bh3 Bf7 12. Nb3 e5 13. Nh2 b5 14. Qg4 c4 15. exd5 f5 16. Qe2 Bxd5 17. dxc4 Bxc4 18. Qh5 Bf7 19. Qe2 f4 20. Nf3 fxg3 21. fxg3 Bc4 22. Qe3 h6 23. Nbd2 Bd5 24. Ne4 Bc7 25. Qd3 Bb6+ 26. Kh2 Qe8 27. Nd6 Qg6 28. Qxg6 Nxg6 29. Bf5 Nge7 30. Nxe5 Nxf5 31. Nd7 Nxd6 32. Nxf8 Rxf8 33. Bf4 Ne4 34. Rad1 Nf6 35. Be5 Nxe5 36. Rxe5 Bf3 37. Rf1 Ng4+ 38. Kh3 Nxe5 0-1

[Event "Nereto op"]
[Site "Nereto"]
[Date "1998.??.??"]
[Round "?"]
[White "Safranska, Anda"]
[Black "Sansonetti, Giorgio"]
[Result "1-0"]
[WhiteElo "2295"]
[BlackElo "2195"]
[PlyCount "43"]
[EventDate "1998.??.??"]
[EventType "swiss"]
[EventRounds "9"]
[EventCountry "ITA"]
[SourceTitle "EXT 2000"]
[Source "ChessBase"]
[SourceDate "1999.11.16"]
[SourceVersion "1"]
[SourceVersionDate "1999.11.16"]
[SourceQuality "1"]

1. e4 c5 2. Nc3 e6 3. f4 b6 4. Nf3 Bb7 5. d3 d5 6. Qe2 d4 7. Nd1 f6 8. g3 Qc7 9. Bh3 Qc6 10. 0-0 Nd7 11. c3 dxc3 12. Nxc3 0-0-0 13. Be3 Ba6 14. a4 Kb8 15. Nb5 e5 16. fxe5 Nxe5 17. Nxe5 fxe5 18. Qh5 Qe8 19. Rxf8 Qxf8 20. Qxe5+ Ka8 21. Nc7+ Kb7 22. Ne6 1-0

[Event "Castellaneta op"]
[Site "Castellaneta"]
[Date "1997.??.??"]
[Round "?"]
[White "Sansonetti, Giorgio"]
[Black "Campanile, Antonio"]
[Result "1/2-1/2"]
[WhiteElo "2200"]
[BlackElo "2200"]
[PlyCount "53"]
[EventDate "1997.??.??"]
[EventType "swiss"]
[EventRounds "6"]
[EventCountry "ITA"]
[SourceTitle "EXT 2000"]
[Source "ChessBase"]
[SourceDate "1999.11.16"]
[SourceVersion "1"]
[SourceVersionDate "1999.11.16"]
[SourceQuality "1"]

1. e4 d5 2. exd5 Qxd5 3. Nc3 Qa5 4. d4 c6 5. Nf3 Nf6 6. Bd2 Qc7 7. Bc4 Bf5 8. Ne2 e6 9. Bf4 Bd6 10. Bxd6 Qxd6 11. c3 Nbd7 12. Ng3 Bg6 13. Nh4 0-0-0 14. Nxg6 hxg6 15. Qf3 Rh4 16. 0-0-0 Rdh8 17. h3 Qc7 18. Bb3 g5 19. Qe3 Qf4 20. Rhe1 Qxe3+ 21. Rxe3 g4 22. hxg4 Rxg4 23. Rg1 Rhh4 24. Bd1 Rg5 25. Bf3 Kc7 26. Ree1 Rg6 27. Rh1 1/2-1/2

[Event "Castellaneta op"]
[Site "Castellaneta"]
[Date "1997.??.??"]
[Round "?"]
[White "Sansonetti, Giorgio"]
[Black "Di Carlo, Romeo"]
[Result "1-0"]
[WhiteElo "2200"]
[BlackElo "2125"]
[PlyCount "73"]
[EventDate "1997.??.??"]
[EventType "swiss"]
[EventRounds "6"]
[EventCountry "ITA"]
[SourceTitle "EXT 2000"]
[Source "ChessBase"]
[SourceDate "1999.11.16"]
[SourceVersion "1"]
[SourceVersionDate "1999.11.16"]
[SourceQuality "1"]

1. d4 d5 2. Nc3 c6 3. f3 Nf6 4. Bg5 e6 5. e4 Be7 6. e5 Nfd7 7. Bxe7 Qxe7 8. f4 c5 9. Nf3 a6 10. Qd2 Nc6 11. dxc5 Nxc5 12. Bd3 b6 13. 0-0 Bb7 14. a3 g6 15. b4 Nxd3 16. cxd3 0-0 17. Rfc1 f6 18. d4 fxe5 19. dxe5 Rac8 20. Ne2 b5 21. Rc5 Nb8 22. Rac1 Rxc5 23. bxc5 Rc8 24. Qb4 Nc6 25. Qc3 a5 26. Ned4 Ba6 27. Nxc6 Rxc6 28. Nd4 Rc8 29. Qxa5 Rxc5 30. Rxc5 Qxc5 31. Qd8+ Kg7 32. Qc7+ Qxc7 33. Nxe6+ Kf7 34. Nxc7 Bc8 35. Nxb5 Ke6 36. Kf2 g5 37. Nd4+ 1-0

[Event "Caorle op-A"]
[Site "Caorle"]
[Date "1991.07.13"]
[Round "9.32"]
[White "Sansonetti, Giorgio"]
[Black "Ditzler, Juerg"]
[Result "0-1"]
[WhiteElo "2116"]
[BlackElo "2270"]
[PlyCount "66"]
[EventDate "1991.07.05"]
[EventType "swiss"]
[EventRounds "9"]
[EventCountry "ITA"]
[SourceTitle "EXT 2023"]
[Source "ChessBase"]
[SourceDate "2022.10.05"]
[SourceVersion "1"]
[SourceVersionDate "2022.10.05"]
[SourceQuality "1"]

1. d4 g6 2. e4 Bg7 3. Nc3 d6 4. f4 c6 5. Nf3 Bg4 6. Be3 Qb6 7. Qd2 Bxf3 8. gxf3 Nd7 9. 0-0-0 Qa5 10. h4 b5 11. h5 b4 12. Nb1 Rb8 13. a3 Qa4 14. hxg6 hxg6 15. Rxh8 Bxh8 16. Bc4 bxa3 17. Nxa3 Bg7 18. f5 Ngf6 19. fxg6 fxg6 20. Rg1 Nf8 21. e5 Nd5 22. exd6 exd6 23. Re1 Kd7 24. Bf2 Ne6 25. Bxd5 cxd5 26. c3 Qb3 27. Qe2 Bh6+ 28. Be3 Nf4 29. Qd2 Kc6 30. Rf1 Ne2+ 31. Qxe2 Bxe3+ 32. Qxe3 Qxb2+ 33. Kd1 Qxa3 0-1

[Event "Caorle op-A"]
[Site "Caorle"]
[Date "1991.07.06"]
[Round "2.22"]
[White "Kovacevic, Slobodan"]
[Black "Sansonetti, Giorgio"]
[Result "0-1"]
[WhiteElo "2370"]
[BlackElo "2116"]
[PlyCount "100"]
[EventDate "1991.07.05"]
[EventType "swiss"]
[EventRounds "9"]
[EventCountry "ITA"]
[SourceTitle "EXT 2023"]
[Source "ChessBase"]
[SourceDate "2022.10.05"]
[SourceVersion "1"]
[SourceVersionDate "2022.10.05"]
[SourceQuality "1"]

1. d4 Nf6 2. Nf3 e6 3. Bf4 c5 4. e3 Qb6 5. Nc3 a6 6. a3 cxd4 7. exd4 d5 8. h3 Bd7 9. Rb1 Nc6 10. Be3 Qc7 11. Bd3 Na5 12. Ne2 Bd6 13. c3 Nc4 14. Bc1 Ne4 15. 0-0 h6 16. Ra1 b5 17. b3 Nb6 18. Bb2 f5 19. Re1 0-0 20. Qc1 Rac8 21. Qe3 Be8 22. Ne5 Bh5 23. f3 Bxe5 24. dxe5 Ng5 25. Bc1 Bxf3 26. Nf4 Be4 27. h4 Qxc3 28. Bd2 d4 29. Bxc3 dxe3 30. Ba5 Nd5 31. Nxd5 exd5 32. hxg5 Bxd3 33. Rxe3 Be4 34. gxh6 gxh6 35. Rf1 Kf7 36. Rf2 Rg8 37. Rc3 Ke6 38. Rh3 Rc1+ 39. Kh2 Rg6 40. Bc3 Rd1 41. Bd2 Kxe5 42. Bxh6 Rd3 43. Bf4+ Kd4 44. b4 Kc4 45. Bc1 d4 46. Rh8 Rdg3 47. Rc8+ Kb3 48. Rb2+ Ka4 49. Rcc2 Bxc2 50. Rxc2 Rc3 0-1

[Event "Caorle op-A"]
[Site "Caorle"]
[Date "1991.07.05"]
[Round "1.14"]
[White "Sulava, Nenad"]
[Black "Sansonetti, Giorgio"]
[Result "1-0"]
[WhiteElo "2405"]
[BlackElo "2116"]
[PlyCount "67"]
[EventDate "1991.07.05"]
[EventType "swiss"]
[EventRounds "9"]
[EventCountry "ITA"]
[SourceTitle "EXT 2023"]
[Source "ChessBase"]
[SourceDate "2022.10.05"]
[SourceVersion "1"]
[SourceVersionDate "2022.10.05"]
[SourceQuality "1"]

1. d4 c5 2. dxc5 e6 3. Nd2 Qa5 4. Ngf3 Bxc5 5. e3 Nf6 6. a3 d5 7. Be2 0-0 8. 0-0 Qc7 9. b4 Bd6 10. c4 a5 11. Bb2 Nbd7 12. Rc1 Qb8 13. cxd5 exd5 14. Qb3 axb4 15. axb4 Ne5 16. Nxe5 Bxe5 17. Nf3 Bxb2 18. Qxb2 Bf5 19. Rfd1 Be4 20. Nd2 Ra7 21. b5 Qa8 22. Nxe4 dxe4 23. Bc4 b6 24. Rd6 Rc8 25. Rcd1 Rac7 26. Bb3 Kf8 27. Qd4 Qa3 28. Rd8+ Rxd8 29. Qxd8+ Ne8 30. Bd5 Qd3 31. Bc6 Qxd8 32. Rxd8 Re7 33. Rb8 f5 34. Rxb6 1-0